Learning Resource and Development

Production management : (Record no. 28377)

MARC details
000 -LEADER
fixed length control field 01221nam a2200277 i 4500
003 - CONTROL NUMBER IDENTIFIER
control field CSPC
005 - DATE AND TIME OF LATEST TRANSACTION
control field 20241010171100.0
008 - FIXED-LENGTH DATA ELEMENTS--GENERAL INFORMATION
fixed length control field 241010s2010 ii a 001 0 eng d
020 ## - INTERNATIONAL STANDARD BOOK NUMBER
International Standard Book Number 9788185749563
040 ## - CATALOGING SOURCE
Transcribing agency CSPC
Original cataloging agency CSPC
Language of cataloging eng
Description conventions rda
082 #4 - DEWEY DECIMAL CLASSIFICATION NUMBER
Classification number 658.5
Item number V59p
Edition number 23
100 1# - MAIN ENTRY--PERSONAL NAME
Personal name Verma, A.P.,
Relator term author.
245 10 - TITLE STATEMENT
Title Production management :
Remainder of title for engineering diploma students and MBA courses /
Statement of responsibility, etc. A.P Verma.
264 #1 - PRODUCTION, PUBLICATION, DISTRIBUTION, MANUFACTURE, AND COPYRIGHT NOTICE
Place of production, publication, distribution, manufacture New Delhi :
Name of producer, publisher, distributor, manufacturer S.K. Kataria & Sons,
Date of production, publication, distribution, manufacture, or copyright notice 2010 ; Reprint 2019.
300 ## - PHYSICAL DESCRIPTION
Extent xiv, 340 pages :
Other physical details illustrations ;
Dimensions 24 cm.
336 ## - CONTENT TYPE
Content type term text
Source rdacontent
337 ## - MEDIA TYPE
Media type term unmediated
Source rdamedia
338 ## - CARRIER TYPE
Carrier type term volume
Source rdacarrier
500 ## - GENERAL NOTE
General note Includes index.
505 0# - FORMATTED CONTENTS NOTE
Formatted contents note Work study -- Plant layout -- Material handling -- Production planning and control -- Inspection and quality control -- Standards and codes -- Repair & maintenance -- Cost estimation -- Value engineering -- Accidents and safety -- Environmental engineering.
650 #0 - SUBJECT ADDED ENTRY--TOPICAL TERM
Topical term or geographic name entry element Production management.
650 #0 - SUBJECT ADDED ENTRY--TOPICAL TERM
Topical term or geographic name entry element Operations management.
650 #0 - SUBJECT ADDED ENTRY--TOPICAL TERM
Topical term or geographic name entry element Industrial engineering.
942 ## - ADDED ENTRY ELEMENTS (KOHA)
Source of classification or shelving scheme Dewey Decimal Classification
Suppress in OPAC No
Koha item type Books
Edition 23
Classification part 658.5
Call number prefix GRD
Call number suffix 2010
Holdings
Withdrawn status Lost status Source of classification or shelving scheme Damaged status Not for loan Home library Current library Shelving location Date acquired Total Checkouts Full call number Barcode Date last seen Copy number Price effective from Koha item type
    Dewey Decimal Classification     Main Library Main Library Graduate School Library 10/10/2024   GRD 658.5 V59p 2010 028391 10/10/2024 1-1 10/10/2024 Books